A-Z: words ending in N - Statistics

General Stats
  • This quiz has been taken 61 times
  • The average score is 15 of 26
Answer Stats
Initial letter Clue Word ending in N % Correct
Q Female monarch Queen
95%
D Intelligent sea mammal Dolphin
93%
L Yellow citrus fruit Lemon
93%
U Legendary horse with a horn Unicorn
91%
Z Airship Zeppelin
91%
Y One part of a traditional Chinese duality, which represents passive, negative or feminine qualities Yin
89%
A Article used before a word which starts with a vowel An
88%
W Interrogative (question) word which can also mean "At the time at which" When
88%
S A migratory fish often used in cooking Salmon
86%
X Inert gas proposed for use for ion thruster propulsion in spaceships Xenon
86%
J Spear used in field events Javelin
84%
I Preposition which can mean "contained by" In
80%
N Thin dress worn by ladies at bedtime Nightgown
79%
C Prehistoric fellow with no constructed house Caveman
75%
B British word for a cupcake Bun
57%
G Soldiers stationed at a particular fort or location Garrison
52%
E Hard, protective covering which some animals' bodies have Exoskeleton
48%
K A loud horn such as a car horn Klaxon
39%
P Type of word, usually a short placeholder used instead of a person's name Pronoun
38%
H Mythical orc-like humanoid with a mischievous character Hobgoblin
20%
T In Christianity, the conversion of bread and water into the body and blood of Jesus Transubstantiation
20%
V The appearance of differently coloured zones in the leaves and sometimes the stems and fruit of plants Variegation
16%
F Camera module which adds a burst of light when the shutter is pressed Flashgun
14%
M Wrong description of a person or situation Mischaracterization
5%
R The act of forming a different idea about something in your mind from the view you had previously; reimagining, reenvisioning Reconceptualization
4%
O The act of analysing something too much, building an unnecessary body of academic thought about it Overintellectualization
0%
No matching quizzes found
Score Distribution
Percent of People with Each Score
Percentile by Number Answered
Your Score History
You have not taken this quiz